000 00965cam a22003135a 4500
001 017744744
003 OSt
005 20171226135637.0
008 160212t2017 enka frbd 001 0 eng d
020 _a9781292146300
020 _a1292146303
040 _aStDuBDS
_beng
_cStDuBDS
_dUk
_dEG-ScBUE
082 0 4 _a658.3
_bROB
_222
100 1 _aRobbins, Stephen P.,
_d1943-
245 1 0 _aOrganizational behavior /
_cStephen P. Robbins, Timothy A. Judge.
250 _a17th ed., Global ed.
260 _aHarlow :
_bPearson Education Limited,
_cc.2017.
300 _a739 p. :
_bill. (col.) ;
_c28 cm.
500 _aPrevious edition : 2015.
500 _aIncludes glossary.
504 _aIncludes bibliographical references and index.
650 7 _aOrganizational behavior.
_2BUEsh
650 7 _aPersonnel management.
_2BUEsh
651 _2BUEsh
653 _bBUSADM
_cOctober2017
655 _vText book
_933728
700 1 _aJudge, Timothy A.
942 _2ddc
999 _c25517
_d25489